000 00292nam a22001217a 4500
008 170706b xxu||||| |||| 00| 0 eng d
041 _aeng
080 _27 ED
_a82
100 _a22
101 _aGJL
245 _aTHE NORTON ANTHOLOGY AMERICAN LITERATURE
_cBERW.F.K.S
942 _2udc
_cBK
999 _c19936
_d19936